000 01149nam a2200289 a 4500
001 793
003 BR-CuiBMT
005 20231129163801.0
008 231109s2012 mgb 001 0 por d
020 _a9788577004263
040 _aBR-CuiBMT
_cBR-CuiBMT
080 _a351.712.2.02
_22007
090 _a351.712.2.02
_bF363c
_c9. ed.
100 1 _aFernandes, Jorge Ulisses Jacoby,
_d1960-
245 1 0 _aContratação direta sem licitação :
_bdispensa, inexigibilidade de licitação, comentários às modalidadesde licitação, inclusive o pregão, procedimentos exigidos para a regularidade da contratação direta /
_cJ. U. Jacoby Fernandes.
250 _a9. ed., rev., atual. e ampl.
260 _aBelo Horizonte :
_bFórum,
_c2012.
300 _a794 p. ;
_c25 cm
490 1 _aColeção Jacoby de direito público ;
_vv. 6
504 _aInclui bibliografia e índice.
590 _aA Biblioteca possui a 1. reimpr. 2012.
650 _aLicitação pública
_zBrasil
650 _aContratos administrativos
_zBrasil
650 _aCompras (Serviço público)
_zBrasil
830 0 _aColeção Jacoby de direito público ;
_v6
942 _2udc
_cLV
999 _c793
_d793